000 00514nam a2200181Ia 4500
005 20250508152440.0
008 008 250505s9999 xx 000 0 eng d
037 _aReference
040 _aFEDL
_beng
_cFEDL
041 _aeng
_2eng
084 _a372.83, JAR
_qFEDL
100 _aJarolimek John
_9345782
245 0 _aSocial studies in elementary education
260 _aNew York, USA
_bThe Macmillan Company
_c1950
300 _a400p.
942 _cREF
_h372.83, JAR
999 _c1336483
_d1336483